Các vấn đề về nước dưới đất
Giới thiệu nguồn gốc, phân bố, đặc tính của các dạng và loại nước dưới đất, thành phần và tính chất hoá - lý của nước dưới đất, một số tính chất nước của đất đá, cơ sở động lực nước dưới đất. Trình bày cách tính toán dòn...
שמור ב:
| מחבר ראשי: | |
|---|---|
| פורמט: | ספר |
| שפה: | Undetermined |
| יצא לאור: |
Hà Nội
Xây dựng
2012
|
| נושאים: | |
| תגים: |
הוספת תג
אין תגיות, היה/י הראשונ/ה לתייג את הרשומה!
|
| Thư viện lưu trữ: | Trung tâm Học liệu Trường Đại học Cần Thơ |
|---|
| LEADER | 01400nam a2200217Ia 4500 | ||
|---|---|---|---|
| 001 | CTU_180677 | ||
| 008 | 210402s9999 xx 000 0 und d | ||
| 020 | |c 73000 | ||
| 082 | |a 624.1 | ||
| 082 | |b Đ552 | ||
| 100 | |a Nguyễn, Hồng Đức | ||
| 245 | 0 | |a Các vấn đề về nước dưới đất | |
| 245 | 0 | |c Nguyễn Hồng Đức, Nguyễn Viết Minh | |
| 260 | |a Hà Nội | ||
| 260 | |b Xây dựng | ||
| 260 | |c 2012 | ||
| 520 | |a Giới thiệu nguồn gốc, phân bố, đặc tính của các dạng và loại nước dưới đất, thành phần và tính chất hoá - lý của nước dưới đất, một số tính chất nước của đất đá, cơ sở động lực nước dưới đất. Trình bày cách tính toán dòng thấm nước dưới đất, phương pháp xác định tính thấm của đất đá. Phân tích các hiện tượng, quá trình địa chất động lực liên quan với hoạt động địa chất của nước dưới đất và công tác khảo sát kĩ thuật | ||
| 650 | |a Construction,Xây dựng | ||
| 650 | |x Civil engineering,Kỹ thuật dân dụng | ||
| 904 | |i Hà Trang | ||
| 980 | |a Trung tâm Học liệu Trường Đại học Cần Thơ | ||